Ice Cream Man. - RAYE - All Lyrics - Statistics

General Stats
  • This quiz has been taken 26 times
  • The average score is 419 of 492
Answer Stats
Answer % Correct
cream
100%
hands
100%
He
100%
he
100%
I
100%
ice
100%
man
100%
Man,
100%
me
100%
me,
100%
me)
100%
oh
100%
Oh,
100%
oh,
100%
Ooh,
100%
ooh
100%
the
100%
the?
100%
to
100%
you
100%
You
100%
a
95%
A
95%
"Come
95%
do
95%
felt
95%
go
95%
How
95%
how
95%
I'm
95%
it"
95%
it
95%
it,
95%
It
95%
like
95%
touch
95%
and
91%
And
91%
be
91%
brave,
91%
brave
91%
fuck
91%
fucking
91%
"Hey,
91%
his
91%
in
91%
let
91%
no,
91%
no
91%
now,
91%
now
91%
on
91%
producer
91%
really
91%
really?
91%
ruin
91%
ruin,
91%
say
91%
strong
91%
studio,
91%
talk,
91%
was
91%
Was
91%
woman,
91%
woman
91%
yeah,
91%
yeah
91%
are
86%
consent
86%
doing"
86%
eleven
86%
girl,
86%
got
86%
grown,
86%
have
86%
hit
86%
ice-cold
86%
left
86%
let's
86%
my
86%
not
86%
of
86%
saying
86%
should
86%
So,
86%
this
86%
Till
86%
told
86%
Tryna
86%
tryna
86%
up
86%
very
86%
walk,
86%
what
86%
when
86%
been
82%
But
82%
but
82%
Coming
82%
cook
82%
damned
82%
DM
82%
if
82%
If
82%
I'll
82%
I've
82%
one,
82%
place
82%
playing
82%
seven
82%
seventeen
82%
that
82%
there,
82%
twenty
82%
vibe
82%
as
77%
catch
77%
damn
77%
damn,
77%
harder
77%
make
77%
means
77%
music"
77%
pay
77%
price
77%
some
77%
through
77%
walked
77%
while
77%
broken
73%
even
73%
excuse
73%
for
73%
heard
73%
It's
73%
soon
73%
then
73%
Then
73%
took
73%
understand
73%
word,
73%
alone
68%
dare
68%
did,
68%
didn't
68%
guess
68%
head
68%
proves
68%
'round
68%
Your
68%
your
68%
'Cause
64%
goddamn
64%
Goddamn,
64%
Goddamn
64%
help
64%
(Help
64%
into
64%
moment
64%
pathetic,
64%
where
64%
all
59%
could
59%
down,
59%
Everything
59%
feel,
59%
going
59%
one
59%
ruthless,
59%
skin
59%
they'd
59%
wish
59%
wouldn't
59%
Always
55%
bathroom
55%
being
55%
dead
55%
fingerprints
55%
honest
55%
livin'
55%
made
55%
press
55%
rent-free
55%
should've
55%
stain
55%
stuck
55%
asking
50%
fell
50%
mmm
50%
myself
50%
rewind
50%
sin
50%
them
50%
things
50%
were
50%
why
50%
blaming
45%
frame
45%
put
45%
silently
45%
these
45%
explain
41%
faces,
41%
fine
41%
pretending
41%
pushed
41%
unhealthy
41%
penitentiary
36%
stress
36%
yes
36%
throught
9%
No matching quizzes found
Score Distribution
Percent of People with Each Score
Percentile by Number Answered
Your Score History
You have not taken this quiz